00625nam a2200169Ia 4500008004000000020001800040082001500058100002100073245005300094260003800147300000800185650004900193690002200242906001100264999001900275952016100294210210b1994 xxu||||| |||| 00| 0 eng d a0 333 53354 2 a820.9 DYSS aDYSON (A E), Ed. aShakespeare Othello :a casebook ed by John Wain. aLondonbMacmillan Press Ltdc1994 a231 aShakespear Othello Critical Essays Case Book aEnglish Criticism a056075 c103560d103560 001040708EnglishaALbALcEnglish Literatured2021-02-17eSita Book House, Mangalore.g310.00l0o820.9 DYSSp056075r2021-02-17 00:00:00w2021-02-17yBK